| 000 | 01367nam0a2200313 4500 | ||
|---|---|---|---|
| 001 | RU\NLR\bibl\206077 | ||
| 005 | 20260406212817.0 | ||
| 010 |
_a5-85000-038-0 _95000 |
||
| 021 |
_aRU _b2001-29757 _91425 |
||
| 035 | _a(NLR Aleph) 000202332 | ||
| 090 |
_a1172826 _c1172826 |
||
| 100 | _a20011123d2000 |||y0rusy50 ca | ||
| 101 | 1 |
_arus _ceng |
|
| 102 | _aRU | ||
| 105 | _ah ||||||||| | ||
| 200 | 1 |
_aУчение Махатм _e[Сб. _fИсслед. центр духовно-мист. культуры, Москва _gСост. и авт. прим. С. Джинараджадаса _gПер. с англ. Л.Н. Орленко] |
|
| 210 |
_aМ. _cСфера _d2000 |
||
| 215 |
_a298,[3] с. _cфакс. _d21 |
||
| 320 | _aБиблиогр. в прим.: с. 269-297 и в подстроч. прим. | ||
| 606 | 0 |
_aТеософия _91157305 _3RU\NLR\auth\66144541 |
|
| 686 | _aЭ391.6 | ||
| 702 | 1 |
_4070 _8rus _7ca _aДжинараджадаса _bК. _f1875-1953 _gКуруппумулаге _3RU\NLR\auth\7711881 _9121616 |
|
| 712 | 0 | 2 |
_4570 _aНаучно-исследовательский центр духовно-мистической культуры _cМосква _3RU\NLR\AUTH\889970381 _9437132 |
| 801 | 0 |
_aRU _bNLR _c20011123 _gPSBO |
|
| 801 | 1 |
_aRU _bNLR _c20011123 |
|
| 942 | _cBOOK | ||
| 980 | _aNB | ||